000 01046nam a2200313 a 4500
001 000001781
003 DO-SdBPM
005 20250402072722.0
007 ta
008 090629s2009 dr c 001 0 spa d
020 _a9789945162844
040 _aDO-SdBPM
_bspa
_cBPMSU
_drda
082 4 _a355.0335
_bM663i 2009
_222
100 1 _aMinaya, Héctor
245 1 3 _aEl imperio nació en R.D. /
_cHéctor Minaya.
264 _aSanto Domingo :
_bEditora Búho,
_c2009.
300 _axv, 223 páginas ;
_c23 cm.
336 _atexto
_btxt
_2rdacontent
337 _asin mediación
_bn
_2rdamedia
338 _avolumen
_bnc
_2rdacarrier
500 _aIncluye datos biográficos del autor en la solapa de la cubierta.
504 _aBibliografía: p.223.
590 _aInventariado, 2025/ VM
651 4 _aEstados Unidos
_xPolítica Militar
651 4 _aEstados Unidos
_xRelaciones Exteriores
651 4 _aRepública Dominicana
_xHistoria
_yOcupación norteamericana, 1916-1924
910 _aVMateo V. Control de calidad BPMSU
942 _2ddc
_cBK
999 _c15024
_d15024